Biomechanics of women's gymnastics

Na minha lista:
Detalhes bibliográficos
Autor principal: George, Gerald S (Author)
Formato: Livro
Idioma:inglês
Publicado em: Englewood Cliffs Prentice Hall 1980
Assuntos:
Tags: Adicionar Tag
Sem tags, seja o primeiro a adicionar uma tag!

MARC

LEADER 00000nam a2200000 a 4500
001 UCY9890
003 CL-VaPUC
008 950724e19800000US |||||||||||||||||eng|d
082 0 4 |a 796.41  |b GEO  |2 21 
100 0 |a George, Gerald S  |e author  |9 342439 
245 1 0 |a Biomechanics of women's gymnastics 
300 |a 221 p 
942 |c BK 
945 |d 19950724 00:00:00  |a mfernand 
260 |a Englewood Cliffs  |b Prentice Hall  |c 1980 
650 7 |a GIMNASIA  |2 CL-VaPUC  |9 307275 
650 7 |a EJERCICIO  |2 CL-VaPUC  |9 310040 
650 0 |a Mujeres  |9 257649 
650 0 |a Biomecánica  |9 307420 
583 |a last modification  |c 20120903 10:01:38  |k Rodrigo Vera 
999 |c 236892  |d 236890 
952 |0 0  |1 0  |4 0  |6 796_410000000000000_GEO_1980  |7 0  |8 P  |9 245276  |a BIBEDU  |b BIBEDU  |c BIBEDU_PB  |d 2019-11-18  |i 1538993  |o 796.41 GEO 1980  |p 1538993  |r 2024-01-25  |w 2019-11-18  |y BK  |k EDU